Statistics for NCAA Men's Basketball Teams With the Most Championships

Click here to take the quiz!

General Stats

  • This quiz has been taken 36 times
  • The average score is 25 of 37

Answer Stats

TitlesUniversity% Correct
5Duke
100%
6North Carolina
100%
8Kentucky
96%
11UCLA
96%
4Connecticut
92%
2Florida
92%
3Kansas
92%
1Michigan
92%
1Virginia
92%
2Michigan State
88%
1Ohio State
88%
1Syracuse
88%
1Arizona
84%
1Arkansas
84%
2Louisville
84%
3Villanova
84%
1Baylor
80%
5Indiana
80%
1Oregon
76%
1Maryland
72%
2NC State
72%
2Oklahoma State
72%
1Wisconsin
68%
1Georgetown
64%
1Stanford
64%
1UNLV
64%
1California
52%
1Marquette
48%
2Cincinnati
44%
2San Francisco
44%
1Utah
44%
1Wyoming
40%
1UTEP
32%
1CCNY
24%
1Holy Cross
20%
1La Salle
20%
1Loyola-Chicago
16%

Score Distribution

Percentile by Number Answered

Percent of People with Each Score

Your Score History

You have not taken this quiz